000 01099nem0a2200301 4500
001 RU\NLR\cart\9182
005 20250614031421.0
035 _a(NLR Aleph) 010296755
090 _a10573908
_c10573908
100 _a20140203d2013 |||y0rusy50 ca
101 0 _arus
102 _aRU
120 _abaa xx||
123 1 _aa
_b600 000
200 1 _aДостопримечательности Челябинской области
_bКарты
_eКарта
_fГл. ред. С. Кирочкина
206 _a1:600 000, 6 км в 1 см
210 _aЧелябинск
_cКрай Ра
_d2013
215 _a1 к.
_cцв., текст, ил.
_d90х69 см, слож. 23х17 см
309 _aДвусторон. печать
509 0 1 _7ca
_aЧелябинская
_hобласть
_92633471
_3RU\NLR\auth_crt\55294
608 _aТуристские карты
_91327502
_3RU\NLR\AUTH\66551871
620 _aРоссия
702 1 _aКирочкина
_bС.
_4340
801 0 _aRU
_bNLR
_c20140203
_gPSBO
852 _aNLR
_bК
_j4-Ур 3/739
_m13-399
_t13-399а
942 _cMAP
980 _aNB